LEADER 00865cam0 2200241 450 001 E600200046989 005 20210104115045.0 100 $a20090313d1970 |||||ita|0103 ba 101 $afre 102 $aFR 200 1 $aHistoire de la philosophie occidentale. Tome II$eLa philosophie pendant la science (XV, XVI et XVII siècles)$fJean-François Revel 210 $aParis$cStock$d1970 215 $a251 p.$d24 cm 700 1$aRevel$b, Jean-François$3A600200046770$4070$0384942 801 0$aIT$bUNISOB$c20210104$gRICA 850 $aUNISOB 852 $aUNISOB$j100$m11417 912 $aE600200046989 940 $aM 102 Monografia moderna SBN 941 $aM 957 $a100$b001672$gSi$d11417$racquisto$1pregresso2$2UNISOB$3UNISOB$420090313112633.0$520210104115033.0$6Alfano 996 $aHistoire de la philosophie occidentale. Tome II$91682678 997 $aUNISOB LEADER 01280nam0 22003131i 450 001 RML0289692 005 20231121125735.0 010 $a0805835687 100 $a20121121d2000 ||||0itac50 ba 101 | $aeng 102 $aus 181 1$6z01$ai $bxxxe 182 1$6z01$an 200 1 $a˜A œfirst course in structural equation modeling$fTenko Raykov and George A. Marcoulides 210 $aMahwah [etc.] $cLawrence Erlbaum Associates $d©2000 215 $aVIII, 205 p.$d23 cm. 606 $aAnalisi multivariata$2FIR$3RMLC226161$9I 606 $aScienze sociali$xMetodi statistici$2FIR$3RMLC308055$9I 676 $a519.535$9Analisi multivariata. Analisi di struttura latente$v21 700 1$aRaykov$b, Tenko$3RMLV187290$0496043 701 1$aMarcoulides$b, George A.$3RMLV187289$0496044 801 3$aIT$bIT-01$c20121121 850 $aIT-FR0098 899 $aBiblioteca Area Giuridico Economica$bFR0098 912 $aRML0289692 950 0$aBiblioteca Area Giuridico Economica$d 53TER 519.535/24$e 53VM 0000591285 VM barcode:ECO012306. - Inventario:6850. - Fondo:Sala consultazioneVM$fA $h20060110$i20121204 977 $a 53 996 $aFirst course in structural equation modeling$9720629 997 $aUNICAS